| 000 | 00775nam a2200217 a 4500 | ||
|---|---|---|---|
| 001 | BRCA_4073 | ||
| 005 | 20190320204533.0 | ||
| 008 | 160210s1935----u--a######---#000-0#eng-# | ||
| 041 | _aeng | ||
| 044 | _au | ||
| 050 | 4 |
_aF1232 _b.P76 1935 |
|
| 245 | 1 | 0 |
_aProceedings twenty-sixth annual convention of Rotary International _bMexico city, Mexico June 17-21, 1935. |
| 260 |
_aChicago, Illinois, U.S.A. _bRotary International _c1935 |
||
| 300 |
_a485 p. _bil. _c23 cm. |
||
| 500 | _aDécimo sexta convención annual de Rotary International en la ciudad de México del 17-21 junio, 1935 | ||
| 500 | _aCEF33 | ||
| 650 | 1 | 4 |
_aRelaciones internacionales _xHistoria _zMéxico _910553 |
| 651 | 4 |
_aEstados Unidos _xRelaciones internacionales _910554 |
|
| 902 | _aGFM | ||
| 942 |
_2lcc _cB |
||
| 999 |
_c3795 _d3795 |
||